| 000 | 00357nam a22001577a 4500 | ||
|---|---|---|---|
| 003 | SGT | ||
| 020 | _a9789390619122 | ||
| 082 |
_a616.01 _bM21B |
||
| 100 | _aBAKSHI, MRINALI | ||
| 245 | _aTB OF MICROBIOLOGY FOR GNM NURSING STUDENTS | ||
| 250 | _a2ND | ||
| 260 |
_aINDIA _bCBS PUB _c2021 |
||
| 300 | _a134 | ||
| 650 | _aMICROBIOLOGY | ||
| 942 |
_2ddc _cBK _015 |
||
| 999 |
_c21925 _d21925 |
||